[Event "Samara Polugaevsky Memorial 3rd"]
[Site "Samara"]
[Date "2013.07.02"]
[Round "1"]
[White "Smetanov, Nikolay"]
[Black "Goganov, Aleksey"]
[Result "0-1"]
[WhiteElo "2123"]
[BlackElo "2560"]
[PlyCount "122"]
[EventDate "2013.07.02"]
[EventType "swiss"]
[EventRounds "9"]
[EventCountry "RUS"]
[SourceTitle "CBM 155 Extra"]
[Source "ChessBase"]
[SourceDate "2013.08.26"]
[SourceVersion "1"]
[SourceVersionDate "2013.08.26"]
[SourceQuality "1"]

1. e4 c5 2. c3 Nf6 3. e5 Nd5 4. d4 cxd4 5. Qxd4 e6 6. Nf3 Nc6 7. Qe4 f5 8. exf6 Nxf6 9. Qh4 Be7 10. Bd3 0-0 11. Bg5 g6 12. 0-0 Nd5 13. Qh6 Ne5 14. Nxe5 Bxg5 15. Qh3 Nf4 16. Qf3 d6 17. Nc4 e5 18. Qd1 Be6 19. Ne3 Rc8 20. Be4 d5 21. Bf3 e4 22. Bg4 Bxg4 23. Qxg4 h5 24. Qd1 Nd3 25. Qe2 Rc7 26. c4 Nf4 27. Qd1 d4 28. Nd5 Nxd5 29. cxd5 Qxd5 30. Nc3 Qe5 31. Qb3+ Kh7 32. Nb5 Rcf7 33. Qc4 e3 34. fxe3 Rxf1+ 35. Rxf1 Qxe3+ 36. Kh1 Rxf1+ 37. Qxf1 Qc1 38. Qxc1 Bxc1 39. Nxd4 Bxb2 40. Nb3 b6 41. Kg1 Kg7 42. Kf2 Kf6 43. Ke3 Ke5 44. Kd3 Kd5 45. Nd2 b5 46. Nf3 Bf6 47. h3 g5 48. Nd2 a5 49. Ne4 Be7 50. Ng3 h4 51. Ne4 b4 52. g3 a4 53. gxh4 gxh4 54. Nd2 Ke5 55. Nc4+ Kf4 56. Nb6 a3 57. Nd5+ Kg3 58. Nxe7 b3 59. Nf5+ Kxh3 60. Ne3 bxa2 61. Nc2 Kg3 0-1

[Event "Samara Region-ch"]
[Site "Samara"]
[Date "2012.12.07"]
[Round "9"]
[White "Smetanov, Nikolay"]
[Black "Iliushkin, Evgeny"]
[Result "1-0"]
[WhiteElo "2060"]
[BlackElo "2250"]
[PlyCount "133"]
[EventDate "2012.11.29"]
[EventType "tourn"]
[EventRounds "9"]
[EventCountry "RUS"]
[EventCategory "2"]
[SourceTitle "CBM 151 Extra"]
[Source "ChessBase"]
[SourceDate "2012.12.18"]
[SourceVersion "1"]
[SourceVersionDate "2012.12.18"]
[SourceQuality "1"]

1. e4 c5 2. c3 Nf6 3. e5 Nd5 4. d4 cxd4 5. cxd4 e6 6. Nf3 b6 7. Bd3 Bb7 8. a3 Be7 9. 0-0 d6 10. Qe2 Nd7 11. Re1 dxe5 12. dxe5 Nc5 13. Bb5+ Kf8 14. Bc4 a5 15. Bd2 h5 16. Nc3 Nxc3 17. Bxc3 Rc8 18. Rac1 Bg5 19. Rcd1 Qe7 20. Bb5 Bd5 21. Bc4 Bxf3 22. Qxf3 g6 23. Bb5 a4 24. Bb4 Kg7 25. Rd7 Qxd7 26. Bxd7 Nxd7 27. Qd1 Nc5 28. Bxc5 Rxc5 29. Qxa4 Rd8 30. h4 Be7 31. Qa7 Bxh4 32. Qxb6 Rdd5 33. Qb4 Bd8 34. Qe4 Bc7 35. b4 Rc3 36. Qf4 Rxa3 37. Qf6+ Kg8 38. Rc1 Bd8 39. Rc8 Rad3 40. b5 Rxb5 41. Rxd8+ Rxd8 42. Qxd8+ Kg7 43. Qf6+ Kg8 44. Kh2 Rb3 45. f3 Rb4 46. Kh3 Rd4 47. Kg3 Rc4 48. Qd8+ Kg7 49. Qd3 h4+ 50. Kh3 Rf4 51. Qd8 Rf5 52. Kxh4 Rxe5 53. Qd4 f6 54. Qd8 Kf7 55. Qd7+ Kf8 56. Kg3 Rg5+ 57. Kf2 Re5 58. Qh7 g5 59. Kg3 Rf5 60. Qd7 Rf4 61. Qxe6 Kg7 62. Qe7+ Kg6 63. Qf8 Kh7 64. Qf7+ Kh6 65. Kf2 Rf5 66. g3 g4 67. f4 1-0

[Event "Samara Region-ch"]
[Site "Samara"]
[Date "2012.12.05"]
[Round "7"]
[White "Pogorelskikh, Sergey"]
[Black "Smetanov, Nikolay"]
[Result "1/2-1/2"]
[WhiteElo "2254"]
[BlackElo "2060"]
[PlyCount "118"]
[EventDate "2012.11.29"]
[EventType "tourn"]
[EventRounds "9"]
[EventCountry "RUS"]
[EventCategory "2"]
[SourceTitle "CBM 151 Extra"]
[Source "ChessBase"]
[SourceDate "2012.12.18"]
[SourceVersion "1"]
[SourceVersionDate "2012.12.18"]
[SourceQuality "1"]

1. e4 e6 2. d4 d5 3. e5 c5 4. c3 Qb6 5. Nf3 Bd7 6. Be2 Bb5 7. dxc5 Bxc5 8. 0-0 Bxe2 9. Qxe2 a5 10. Na3 Nc6 11. Nb5 Nge7 12. a4 0-0 13. Bf4 Na7 14. b4 axb4 15. cxb4 Nxb5 16. bxc5 Nc3 17. Qd3 Qxc5 18. Bc1 Ne4 19. Ba3 Qc7 20. Rfc1 Qd7 21. Nd4 f6 22. f3 Ng5 23. h4 Nf7 24. exf6 gxf6 25. Qb5 Rfd8 26. Qxd7 Rxd7 27. Nxe6 Ne5 28. Bxe7 Rxe7 29. Nd4 Nc4 30. Rcb1 b6 31. Rb5 Rea7 32. Rxd5 Rxa4 33. Rxa4 Rxa4 34. Rd8+ Kf7 35. Rd7+ Kg8 36. Ne6 Ne5 37. Rg7+ Kh8 38. Rb7 h5 39. f4 Ng4 40. g3 Rb4 41. Kg2 Rb3 42. Ng7 Rb5 43. Kf3 f5 44. Ke2 Nf6 45. Kd3 Ne4 46. Nxf5 Nxg3 47. Nd4 Rb1 48. Ke3 Rb4 49. f5 Rb1 50. Kf4 Rb4 51. Ke5 Rb1 52. Ke6 Rd1 53. Nc6 Re1+ 54. Ne5 Ne4 55. Ng6+ Kg8 56. Ra7 Nc5+ 57. Kf6 Ne4+ 58. Ke5 Nc5+ 59. Kf4 Ne4 1/2-1/2

[Event "Samara Region-ch"]
[Site "Samara"]
[Date "2012.12.01"]
[Round "3"]
[White "Alavkin, Arseny Nailievich"]
[Black "Smetanov, Nikolay"]
[Result "1-0"]
[WhiteElo "2383"]
[BlackElo "2060"]
[PlyCount "81"]
[EventDate "2012.11.29"]
[EventType "tourn"]
[EventRounds "9"]
[EventCountry "RUS"]
[EventCategory "2"]
[SourceTitle "CBM 151 Extra"]
[Source "ChessBase"]
[SourceDate "2012.12.18"]
[SourceVersion "1"]
[SourceVersionDate "2012.12.18"]
[SourceQuality "1"]

1. e4 e6 2. d4 d5 3. Nc3 dxe4 4. Nxe4 Nd7 5. Bd3 Ngf6 6. Qe2 Be7 7. Bd2 b6 8. Nf3 Bb7 9. 0-0-0 0-0 10. Neg5 c5 11. Rhe1 Bd5 12. c4 Bxf3 13. Nxf3 cxd4 14. Nxd4 Nc5 15. Bc2 Qxd4 16. Bg5 Nb3+ 17. axb3 Qc5 18. Bf4 Rfd8 19. Be5 Rac8 20. Kb1 a6 21. g4 b5 22. g5 Nd7 23. Bd4 Qc7 24. g6 hxg6 25. Bxg6 Nf8 26. Bc2 f6 27. Rg1 Qf4 28. Rg4 Qh6 29. Rdg1 bxc4 30. bxc4 Rd7 31. Be3 g5 32. h4 Qg7 33. f4 Rb8 34. f5 exf5 35. Bxf5 Ba3 36. Bc1 Rdb7 37. hxg5 Bxb2 38. gxf6 Bxf6+ 39. Ka2 Rb4 40. Rxg7+ Bxg7 41. Be6+ 1-0

[Event "Samara Polugaevsky Memorial 2nd"]
[Site "Samara"]
[Date "2012.07.09"]
[Round "5"]
[White "Bukavshin, Ivan"]
[Black "Smetanov, Nikolay"]
[Result "0-1"]
[WhiteElo "2487"]
[BlackElo "2095"]
[PlyCount "108"]
[EventDate "2012.07.05"]
[EventType "swiss"]
[EventRounds "9"]
[EventCountry "RUS"]
[SourceTitle "CBM 149 Extra"]
[Source "ChessBase"]
[SourceDate "2012.08.24"]
[SourceVersion "1"]
[SourceVersionDate "2012.08.24"]
[SourceQuality "1"]

1. d4 Nf6 2. c4 g6 3. f3 d5 4. cxd5 Nxd5 5. e4 Nb6 6. Nc3 Bg7 7. Be3 0-0 8. Qd2 Nc6 9. 0-0-0 e5 10. d5 Nd4 11. f4 Bg4 12. Re1 c5 13. h3 Bd7 14. fxe5 Bxe5 15. Nf3 Nxf3 16. gxf3 Qh4 17. Bg5 Qg3 18. Be2 Bd4 19. Bf4 Qh4 20. Be3 Bxe3 21. Qxe3 Rac8 22. f4 Rfe8 23. e5 Bf5 24. d6 Rcd8 25. Bb5 Re6 26. Rd1 f6 27. Rhe1 fxe5 28. fxe5 Kg7 29. Qxc5 Rc8 30. Qe3 Qb4 31. d7 Rd8 32. Rd6 Nc4 33. Bxc4 Qxc4 34. Rd4 Qc7 35. Qd2 Rxe5 36. Rd1 Re7 37. Rd6 Rdxd7 38. Qd4+ Kg8 39. Qf6 Rf7 40. Qe5 Rxd6 41. Rxd6 Qe7 42. Qg3 Rf8 43. Rd2 Rc8 44. Kd1 Qc7 45. Qe3 Qc5 46. Rd4 Qc6 47. Rd5 Re8 48. Qd4 Qe6 49. Qd2 Bxh3 50. Kc2 Bf5+ 51. Kb3 Rd8 52. Ka3 Rxd5 53. Nxd5 Qd6+ 54. b4 Be4 0-1

[Event "Samara-chB"]
[Site "Samara"]
[Date "2009.12.13"]
[Round "8"]
[White "Makarov, Yuri A"]
[Black "Smetanov, Nikolay"]
[Result "0-1"]
[WhiteElo "1989"]
[BlackElo "2033"]
[PlyCount "134"]
[EventDate "2009.12.06"]
[EventType "swiss"]
[EventRounds "9"]
[EventCountry "RUS"]
[SourceTitle "EXT 2012"]
[Source "ChessBase"]
[SourceDate "2011.11.24"]
[SourceVersion "1"]
[SourceVersionDate "2011.11.24"]
[SourceQuality "1"]

1. d4 Nf6 2. c4 g6 3. Nc3 d5 4. Nf3 Bg7 5. Bf4 0-0 6. e3 c5 7. dxc5 Qa5 8. Rc1 Ne4 9. Qc2 Nxc3 10. bxc3 dxc4 11. Bxc4 Qxc5 12. Nd2 Nc6 13. 0-0 Na5 14. Be2 Be6 15. Nb3 Qa3 16. Nxa5 Qxa5 17. c4 Rac8 18. Qb3 b6 19. Rfd1 Rfd8 20. h3 Rxd1+ 21. Rxd1 h6 22. e4 Qc5 23. Rc1 Bd4 24. Qg3 Kh7 25. h4 Qa5 26. Qb3 a6 27. a3 b5 28. Qd3 Bb2 29. Bd2 bxc4 30. Qe3 Bxc1 31. Qxh6+ Kg8 32. Bxc1 Qe5 33. Bf3 c3 34. h5 Qg7 35. Qe3 gxh5 36. Bxh5 Bg4 37. Bxg4 Qxg4 38. f3 Qg3 39. Kf1 Qh4 40. Ke2 Qf6 41. Qf2 Qd6 42. Qe3 c2 43. Qg5+ Qg6 44. Qxg6+ fxg6 45. Kd2 Kf7 46. Bb2 Ke6 47. Kc1 Rc4 48. Bg7 Kd7 49. Bf8 e6 50. Bb4 Kc6 51. Be7 Kb5 52. Bg5 Kc6 53. Be7 Kd7 54. Bf8 Ke8 55. Bg7 Kf7 56. Be5 g5 57. Bh8 g4 58. Be5 Kg6 59. Bh8 Kh5 60. Bf6 Rc8 61. Be7 Rc3 62. Bb4 gxf3 63. gxf3 Rxf3 64. Kxc2 Re3 65. Kd2 Rxe4 66. Kd3 Re5 67. Kd4 Rd5+ 0-1

[Event "Samara-chB"]
[Site "Samara"]
[Date "2009.12.06"]
[Round "1"]
[White "Smetanov, Nikolay"]
[Black "Koltunovsky, Evgeny"]
[Result "1-0"]
[WhiteElo "2033"]
[BlackElo "1758"]
[PlyCount "63"]
[EventDate "2009.12.06"]
[EventType "swiss"]
[EventRounds "9"]
[EventCountry "RUS"]
[SourceTitle "EXT 2012"]
[Source "ChessBase"]
[SourceDate "2011.11.24"]
[SourceVersion "1"]
[SourceVersionDate "2011.11.24"]
[SourceQuality "1"]

1. e4 c5 2. Nc3 d6 3. f4 g6 4. Nf3 Bg7 5. Bb5+ Bd7 6. Bxd7+ Qxd7 7. 0-0 Nc6 8. d3 Nf6 9. Qe1 0-0 10. Qh4 Nd4 11. Nxd4 cxd4 12. Ne2 e5 13. f5 Qc6 14. c4 dxc3 15. Nxc3 d5 16. Bg5 dxe4 17. dxe4 a5 18. Rac1 Qb6+ 19. Kh1 Ra6 20. b3 Qb4 21. Qe1 b5 22. Qe2 Rb8 23. Bxf6 Bxf6 24. Nd5 Qf8 25. a4 Bg5 26. Rc7 Qd8 27. axb5 Rd6 28. Qc4 Rd7 29. b6 Kg7 30. fxg6 fxg6 31. Qc6 Kh6 32. Qxd7 1-0

[Event "Samara-ch Rating"]
[Site "Samara"]
[Date "2007.02.06"]
[Round "2"]
[White "Smetanov, Nikolay"]
[Black "Galkin, Roman"]
[Result "1-0"]
[WhiteElo "1965"]
[BlackElo "1910"]
[PlyCount "135"]
[EventDate "2007.02.02"]
[EventType "tourn"]
[EventRounds "11"]
[EventCountry "RUS"]
[SourceTitle "EXT 2022"]
[Source "ChessBase"]
[SourceDate "2021.10.06"]
[SourceVersion "1"]
[SourceVersionDate "2021.10.06"]
[SourceQuality "1"]

1. e4 e5 2. Nf3 Nf6 3. d4 Nxe4 4. Bd3 d5 5. Nxe5 Nd7 6. 0-0 Nxe5 7. dxe5 Nc5 8. Nc3 c6 9. f4 g6 10. b3 Bg7 11. Bb2 Nxd3 12. cxd3 0-0 13. d4 b6 14. Rc1 Bd7 15. Ba3 Re8 16. Ne2 Rc8 17. Ng3 f5 18. Qf3 Bf8 19. Bxf8 Kxf8 20. Rf2 Qe7 21. Rfc2 Qb4 22. Qc3 Qxc3 23. Rxc3 Kf7 24. Nh1 Rc7 25. Nf2 Rec8 26. Nd3 Ke6 27. Kf2 Be8 28. Ke3 h6 29. b4 Rd8 30. Kd2 Rg7 31. a4 g5 32. Rb1 Rb8 33. Rcb3 Rgb7 34. a5 Ke7 35. axb6 axb6 36. Ra3 Bd7 37. Rba1 Kd8 38. Ke3 Be6 39. Kf3 Kc7 40. Ra8 Bf7 41. fxg5 hxg5 42. g3 Bg6 43. R1a7 f4 44. Nf2 fxg3 45. Kxg3 Bf5 46. Rxb7+ Kxb7 47. Rxb8+ Kxb8 48. Nh3 Kc7 49. Nxg5 c5 50. dxc5 bxc5 51. bxc5 Kc6 52. Kf4 Bg6 53. Ne6 Bh7 54. h4 Bg8 55. Ng5 Kxc5 56. h5 d4 57. h6 d3 58. Ke3 Kd5 59. e6 Kd6 60. Kxd3 Ke7 61. Kd4 Kf6 62. e7 Kxe7 63. Ke5 Ke8 64. Kf6 Kf8 65. Ne6+ Ke8 66. Kg7 Bxe6 67. h7 Kd7 68. h8Q 1-0

[Event "Samara-ch Rating"]
[Site "Samara"]
[Date "2007.02.02"]
[Round "1"]
[White "Sakletin, Vasily"]
[Black "Smetanov, Nikolay"]
[Result "0-1"]
[WhiteElo "2127"]
[BlackElo "1965"]
[PlyCount "82"]
[EventDate "2007.02.02"]
[EventType "tourn"]
[EventRounds "11"]
[EventCountry "RUS"]
[SourceTitle "EXT 2022"]
[Source "ChessBase"]
[SourceDate "2021.10.06"]
[SourceVersion "1"]
[SourceVersionDate "2021.10.06"]
[SourceQuality "1"]

1. d4 Nf6 2. c4 g6 3. Nc3 d5 4. Nf3 Bg7 5. e3 0-0 6. Be2 Na6 7. c5 Ne4 8. Nxe4 dxe4 9. Nd2 e5 10. Bxa6 bxa6 11. dxe5 Qd5 12. Qc2 Bf5 13. 0-0 Bxe5 14. Re1 Rab8 15. Nb3 Rfd8 16. Nd4 Bxd4 17. exd4 Qxd4 18. Be3 Qxb2 19. Qa4 Qb5 20. Qc2 Qc6 21. Red1 Rd3 22. Rxd3 exd3 23. Qc3 Qb5 24. Bh6 Qb2 25. Qe1 Be6 26. h3 Bxa2 27. Bf4 Qxa1 28. Qxa1 Rb1+ 29. Qxb1 Bxb1 30. Kf1 c6 31. Bd2 Kf8 32. Ke1 Ke7 33. Kd1 Ke6 34. Kc1 Bc2 35. Kb2 Kd5 36. Be3 Kc4 37. h4 h5 38. g3 a5 39. Bd2 a4 40. Be3 a3+ 41. Kc1 a2 0-1